<?xml version="1.0" encoding="UTF-8"?>
<record
    xmlns:xsi="http://www.w3.org/2001/XMLSchema-instance"
    xsi:schemaLocation="http://www.loc.gov/MARC21/slim http://www.loc.gov/standards/marcxml/schema/MARC21slim.xsd"
    xmlns="http://www.loc.gov/MARC21/slim">

  <leader>01009nam a22002537a 4500</leader>
  <controlfield tag="008">240610b        mp ||||| |||| 00| 0 mon d</controlfield>
  <datafield tag="020" ind1=" " ind2=" ">
    <subfield code="a">978-99973-1-910-4</subfield>
  </datafield>
  <datafield tag="035" ind1=" " ind2=" ">
    <subfield code="a">21831</subfield>
  </datafield>
  <datafield tag="040" ind1=" " ind2=" ">
    <subfield code="a">HUV0167120</subfield>
    <subfield code="b">mon</subfield>
    <subfield code="c">MN-UlNLM</subfield>
    <subfield code="d">MN-UlNLM</subfield>
    <subfield code="e">rda</subfield>
  </datafield>
  <datafield tag="041" ind1=" " ind2=" ">
    <subfield code="a">mon</subfield>
  </datafield>
  <datafield tag="042" ind1=" " ind2=" ">
    <subfield code="a">97306</subfield>
  </datafield>
  <datafield tag="084" ind1=" " ind2=" ">
    <subfield code="2">NNA</subfield>
    <subfield code="a">84.8(4&#x418;&#x445;&#x411;&#x440;)</subfield>
    <subfield code="b">&#x420;.796</subfield>
  </datafield>
  <datafield tag="100" ind1=" " ind2=" ">
    <subfield code="a">&#x420;&#x43E;&#x443;&#x43B;&#x438;&#x43D;&#x433; &#x416;.&#x41A;</subfield>
  </datafield>
  <datafield tag="245" ind1=" " ind2="0">
    <subfield code="a">&#x425;&#x430;&#x440;&#x440;&#x438; &#x43F;&#x43E;&#x442;&#x442;&#x435;&#x440; &#x431;&#x430; &#x42D;&#x440;&#x43B;&#x438;&#x439;&#x437; &#x445;&#x443;&#x43D;&#x442;&#x430;&#x439;&#x436;</subfield>
  </datafield>
  <datafield tag="264" ind1=" " ind2=" ">
    <subfield code="a">&#x423;&#x43B;&#x430;&#x430;&#x43D;&#x431;&#x430;&#x430;&#x442;&#x430;&#x440;</subfield>
    <subfield code="b">&#x410;&#x434;&#x43C;&#x43E;&#x43D; &#x43F;&#x440;&#x438;&#x43D;&#x442; &#x425;&#x425;&#x41A;</subfield>
    <subfield code="c">2021</subfield>
  </datafield>
  <datafield tag="300" ind1=" " ind2=" ">
    <subfield code="a">595&#x445;.</subfield>
  </datafield>
  <datafield tag="336" ind1=" " ind2=" ">
    <subfield code="2">rdacontent</subfield>
    <subfield code="a">text</subfield>
    <subfield code="b">txt</subfield>
  </datafield>
  <datafield tag="337" ind1=" " ind2=" ">
    <subfield code="2">rdamedia</subfield>
    <subfield code="a">unmediated</subfield>
    <subfield code="b">n</subfield>
  </datafield>
  <datafield tag="338" ind1=" " ind2=" ">
    <subfield code="2">rdacarrier</subfield>
    <subfield code="a">volume</subfield>
    <subfield code="b">nc</subfield>
  </datafield>
  <datafield tag="490" ind1=" " ind2=" ">
    <subfield code="a">&#x425;&#x430;&#x440;&#x440;&#x438; &#x43F;&#x43E;&#x442;&#x442;&#x435;&#x440;</subfield>
    <subfield code="v">6</subfield>
  </datafield>
  <datafield tag="650" ind1=" " ind2=" ">
    <subfield code="a">&#x418;&#x445; &#x411;&#x440;&#x438;&#x442;&#x430;&#x43D;&#x438;&#x439;&#x43D; &#x437;&#x43E;&#x445;&#x438;&#x43E;&#x43B;&#x447; &#x416;.&#x41A;.&#x420;&#x43E;&#x443;&#x43B;&#x438;&#x43D;&#x433;&#x438;&#x439;&#x43D; &#x431;&#x438;&#x447;&#x441;&#x44D;&#x43D; &#x4E9;&#x441;&#x432;&#x4E9;&#x440; &#x43D;&#x430;&#x441;&#x43D;&#x44B; &#x448;&#x438;&#x434;&#x442;&#x44D;&#x43D; &#x445;&#x4AF;&#x4AF; &#x431;&#x43E;&#x43B;&#x43E;&#x445; &#x425;&#x430;&#x440;&#x440;&#x438; &#x41F;&#x43E;&#x442;&#x442;&#x435;&#x440;&#x44B;&#x43D; &#x442;&#x443;&#x445;&#x430;&#x439; &#x4E9;&#x433;&#x4AF;&#x4AF;&#x43B;&#x441;&#x44D;&#x43D; &#x434;&#x43E;&#x43B;&#x43E;&#x43E;&#x43D; &#x446;&#x443;&#x432;&#x440;&#x430;&#x43B;, &#x443;&#x440;&#x430;&#x43D; &#x437;&#x4E9;&#x433;&#x43D;&#x4E9;&#x43B;...</subfield>
  </datafield>
  <datafield tag="942" ind1=" " ind2=" ">
    <subfield code="2">NNA</subfield>
    <subfield code="c">BK</subfield>
  </datafield>
  <datafield tag="952" ind1=" " ind2=" ">
    <subfield code="0">0</subfield>
    <subfield code="1">0</subfield>
    <subfield code="4">0</subfield>
    <subfield code="6">8484&#x418;&#x425;&#x411;&#x420;_&#x420;796</subfield>
    <subfield code="7">0</subfield>
    <subfield code="8">HUV013</subfield>
    <subfield code="a">HUV0167120</subfield>
    <subfield code="b">HUV0167120</subfield>
    <subfield code="c">HUV013</subfield>
    <subfield code="d">2024-07-01</subfield>
    <subfield code="g">30000.00</subfield>
    <subfield code="l">0</subfield>
    <subfield code="o">84.8(4&#x418;&#x445;&#x411;&#x440;)  &#x420;.796</subfield>
    <subfield code="p">HUV0121831-2-1</subfield>
    <subfield code="r">2024-07-01</subfield>
    <subfield code="t">60361</subfield>
    <subfield code="y">BK</subfield>
  </datafield>
  <datafield tag="952" ind1=" " ind2=" ">
    <subfield code="0">0</subfield>
    <subfield code="1">0</subfield>
    <subfield code="4">0</subfield>
    <subfield code="6">8484&#x418;&#x425;&#x411;&#x420;_&#x420;796</subfield>
    <subfield code="7">0</subfield>
    <subfield code="8">HUV014</subfield>
    <subfield code="a">HUV0167120</subfield>
    <subfield code="b">HUV0167120</subfield>
    <subfield code="c">HUV014</subfield>
    <subfield code="d">2024-07-01</subfield>
    <subfield code="g">29900.00</subfield>
    <subfield code="l">0</subfield>
    <subfield code="o">84.8(4&#x418;&#x445;&#x411;&#x440;)  &#x420;.796</subfield>
    <subfield code="p">HUV0121831-3-1</subfield>
    <subfield code="r">2024-07-01</subfield>
    <subfield code="t">60082</subfield>
    <subfield code="y">BK</subfield>
  </datafield>
  <datafield tag="952" ind1=" " ind2=" ">
    <subfield code="0">0</subfield>
    <subfield code="1">0</subfield>
    <subfield code="4">0</subfield>
    <subfield code="6">8484&#x418;&#x425;&#x411;&#x420;_&#x420;796</subfield>
    <subfield code="7">0</subfield>
    <subfield code="8">HUV011</subfield>
    <subfield code="a">HUV0167120</subfield>
    <subfield code="b">HUV0167120</subfield>
    <subfield code="c">HUV011</subfield>
    <subfield code="d">2024-07-01</subfield>
    <subfield code="g">29900.00</subfield>
    <subfield code="l">0</subfield>
    <subfield code="o">84.8(4&#x418;&#x445;&#x411;&#x440;)  &#x420;.796</subfield>
    <subfield code="p">HUV0121831-4-1</subfield>
    <subfield code="r">2024-07-01</subfield>
    <subfield code="t">59417</subfield>
    <subfield code="y">BK</subfield>
  </datafield>
  <datafield tag="999" ind1=" " ind2=" ">
    <subfield code="c">1051829</subfield>
    <subfield code="d">1051886</subfield>
  </datafield>
</record>
